Technológia obrábania

Gespeichert in:
Bibliographische Detailangaben
1. Verfasser: Hrubec, Ján (Verfasst von)
Format: Buch
Sprache:Slowakisch
Veröffentlicht: Bratislava : SVŠT v Bratislave, 1984
Ausgabe:2. vyd
Schlagworte:
Tags: Tag hinzufügen
Keine Tags, Fügen Sie das erste Tag hinzu!

MARC

LEADER 00000nam a22000003a 4500
001 stu76039
005 20220401125831.8
008 020611s1984----xo------------------slo-d
040 |a STU  |b slo 
041 0 |a slo 
044 |a xo 
080 |a 621.9  |7 stu_us_auth*stu8061 
100 1 |a Hrubec, Ján  |4 aut  |u M160  |U MTF Ústav výrobných technológií  |T MTF Katedra obrábania a montáže  |U M160  |Y M160 
245 1 |a Technológia obrábania 
250 |a 2. vyd 
260 |a Bratislava :  |b SVŠT v Bratislave,  |c 1984 
300 |a 174 s 
650 7 |a obrábanie  |2 stusub 
996 |b 284J026960  |c J*74714  |l JJST  |s P  |a 0  |w stu76039_0001 
996 |b 284J008310  |c J*74715  |l JJSK  |s A  |a 24  |w stu76039_0002 
996 |b 284J030276  |c J*61534  |l JJST  |s P  |a 0  |w stu76039_0003